Case studies in fisheries self-governance / (Record no. 16014)

000 -LEADER
fixed length control field 00544nam a2200193Mi 4500
020 ## - INTERNATIONAL STANDARD BOOK NUMBER
ISBN 9789251058978
020 ## - INTERNATIONAL STANDARD BOOK NUMBER
ISBN 9251058970
040 ## - CATALOGING SOURCE
Transcribing agency NLGGC
082 ## - DEWEY DECIMAL CLASSIFICATION NUMBER
Classification number 639 FOO 2008 A083 Or.
245 00 - TITLE STATEMENT
Title Case studies in fisheries self-governance /
260 ## - PUBLICATION, DISTRIBUTION, ETC. (IMPRINT)
Place of publication Rome :
Name of publisher Food and Agriculture Organization of the United Nations,
Year of publication 2008
300 ## - PHYSICAL DESCRIPTION
Number of Pages X, 451 p. :
Other physical details fig., tab. ;
Dimensions 30 cm
650 #0 - SUBJECT ADDED ENTRY--TOPICAL TERM
Topical Term Fishery management
650 #0 - SUBJECT ADDED ENTRY--TOPICAL TERM
Topical Term Aquatic resources
700 1# - ADDED ENTRY--PERSONAL NAME
Personal name Townsend, R. D
700 1# - ADDED ENTRY--PERSONAL NAME
Personal name Shotton, Ross,
700 1# - ADDED ENTRY--PERSONAL NAME
Personal name Uchida, H
942 ## - ADDED ENTRY ELEMENTS (KOHA)
Koha item type សៀវភៅភាសាអង់គ្លេស
952 ## - LOCATION AND ITEM INFORMATION (KOHA)
Withdrawn status [LOCAL, KOHA] 0
Holdings
Permanent Location Date acquired Koha item type Lost status Shelving location Barcode Current Location Full call number
Library Block A2017-12-26សៀវភៅភាសាអង់គ្លេស A083RUA060572Library Block A639 FOO 2008 A083 Or.
មជ្ឈមណ្ឌលឯការនៃសាកលវិទ្យាល័យភូមិន្ទកសិកម្មចំការដូង

Powered by Koha